Géographie suisse par la lettre H - Statistiques

Statistiques générales
  • Ce quiz a été pris 81 fois
  • Le résultat moyen est 8 sur 15
Statistiques - réponses
Hint Réponse % Correct
Nom officiel du pays: Confédération ______ Helvétique
97%
Sport national suisse dont fait partie le club de Fribourg-Gotteron Hockey sur glace
87%
Département Français où une partie non négligeable de la population travaille à Genève Haute Savoie
78%
Département Français où une partie non négligeable de la population travaille à Bâle Haut Rhin
73%
Prénom porté par le général Dufour et le créateur de la Croix-rouge Dunant Henry
67%
Région germanophone du Valais Haut Valais
66%
Maison souveraine d'Autriche et d'Europe venant à l'origine du Canton d'Aarau Habsbourg
64%
Chef-Lieu du demi-canton Appenzell Rhodes Exterieur Herisau
57%
Village en dessous du barrage de la grande Dixence (VS) Hérémence
42%
Skieuse suisse ayant été 6x championne du monde de ski alpin Erika ___ Hess
34%
Marque de montre genevoise Hublot
31%
Sport typique Suisse se pratiquant avec une tige en métal et un palet Hornuss
30%
Village bucolique sur la rive gauche du léman (GE) Hermance
27%
Peintre symboliste Suisse (1853-1918) Ferdinand _______ Hodler
22%
Lac artificiel vaudois Hongrin
21%
Aucun quiz correspondant
Distribution des résultats
% des personnes avec chaque résultat
Percentile par nombre de réponses
Votre historique - résultats
Vous n’avez pas pris ce quiz